| LEADER |
01243nam0a2200193 450 |
| 001 |
16840565 |
| 010 |
|
|
|a 978-2-37856-135-2
|b br.
|d 17
|
| 100 |
|
|
|a 20220902d2022 u u0frey01 ba
|
| 101 |
0 |
|
|a fre
|
| 102 |
|
|
|a FR
|
| 200 |
0 |
|
|a Jean-Luc et Jean-Claude
|
| 207 |
|
1 |
|a
|
| 210 |
|
|
|a Lagrasse
|c Verdier
|d 2022
|
| 215 |
|
|
|a 1 vol. (160 p.)
|d 22 cm
|
| 330 |
|
|
|a Dans le café de ce petit bourg où Jean-Luc et Jean-Claude ont la permission, tous les jeudis, de venir boire un verre (sans alcool), les choses prennent ce jour un tour inhabituel. D'abord, il y a ce jeune gars aux cheveux si blonds, il émerveille les deux amis parce qu'il vient d'Abbeville. Et puis demain c'est vendredi, le jour des soins redoutés par Jean-Luc qui sent en lui quelque chose gronder. Peut-être un écho de la tempête qui vient de balayer tout le canton, mettant en danger les phoques de la baie et pour lesquels Jean-Claude se fait tant de souci. Il suffira d'un rien, un billet de loto qu'on refuse de valider à Jean-Claude, pour que tout se dérègle.
|
| 700 |
|
0 |
|a Potte-Bonneville
|b Laurence
|c Auteur du texte
|4 70
|
| 900 |
|
|
|a Roman
|
| 901 |
|
|
|a Accessible au prêt
|
| 995 |
|
|
|a Bibliothèque
|c Bibliothèque
|f 024023045
|h 024023045
|k R POT
|o p
|q a
|r az
|e Bibliothèque
|